000 01408cam a22003614a 4500
001 20858
003 BD-RjUL
005 20211209000624.0
008 140302r19631932enka b 001 0 eng d
035 _aBD-RjUL)20920
040 _aDNLM/DLC
_cDLC
_dYDX
_dNLM
_dYDXCP
_dUKM
_dBWX
_dERASA
_dYUS
_dCDX
_dDLC
_dBD-RjUL
_beng
041 _aeng
060 0 0 _a2010 G-855
060 1 0 _aQS 11 GA1
_bC973a 2010
082 0 0 _a611.0094
_222
_bBRA 1963
100 1 _aBridie, James
_964420
245 1 4 _aThe anatomis'd /
_cBridie, James
250 _a2nd ed
260 _aLondon :
_bAshgate,
_c1932 [Reprinted 1963]
300 _axvi.73p. :
_bill. ;
_c21 cm.
490 0 _aHistory of medicine in context
504 _aIncludes bibliographical references and index.
505 0 _a"This awful subject" -- "Merit is sure of its reward" : careers and courses -- Experimental anatomy and its sub-disciplines -- Human bodies : getting, keeping, picturing, publishing, arguing -- Animal bodies and comparative anatomy -- The end of old anatomy.
650 0 _aHuman anatomy
_xHistory
_y18th century.
_964421
650 0 _aEnlightenment.
_964422
650 1 2 _aAnatomy
_xhistory
_zEurope.
_964423
650 1 2 _aAnatomy
_xtrends
_zEurope.
_964424
650 2 2 _aHistory, 18th Century
_zEurope.
_964425
650 2 2 _aHistory, 19th Century
_zEurope.
_964426
942 _2ddc
_cBK
999 _c20858
_d20858